Vivencias de inserción laboral de psicólogos/as de la Universidad Academia de Humanismo Cristiano

En las últimas décadas el fenómeno del aumento de la educación superior es un tópico que mantiene diferentes aspectos de investigación. La Inserción Laboral corresponde a un tópico que prematuramente ha tomado relevancia para las instituciones de educación superior en Chile. Sin em...

Descripción completa

Detalles Bibliográficos
Autor principal: Rost Gálvez, Maximiliano Carlos José
Otros Autores: Anabalón Sepúlveda, Melvin (profesor guía)
Formato: Tesis
Lenguaje:español
Publicado: Santiago de Chile : Universidad Academia de Humanismo Cristiano, 2020.
Materias:
Acceso en línea:Disponible en línea (PDF). Biblioteca Digital UAHC

MARC

LEADER 00000nmm a22000007a 4500
001 000336
003 UAHC_CL
005 20220330121329.0
008 210126s2020 cl o d 000 spa
040 |a UAHC_CL  |c UAHC_CL  |d UAHC_CL 
100 |a Rost Gálvez, Maximiliano Carlos José  |9 14638 
245 |a Vivencias de inserción laboral de psicólogos/as de la Universidad Academia de Humanismo Cristiano  |c Maximiliano Rost Gálvez; Melvin Anabalón, profesor guía. 
260 |a Santiago de Chile :  |b Universidad Academia de Humanismo Cristiano,  |c 2020. 
300 |a 113 páginas. 
500 |a Tesis para optar al título de psicólogo y al grado de Licenciado en Psicología. 
502 |a Tesis (Psicólogo) -- Universidad Academia de Humanismo Cristiano, 2020. 
516 |a Tesis electrónica (PDF). Solicitar envío de documento a biblioteca@academia.cl. 
520 |a En las últimas décadas el fenómeno del aumento de la educación superior es un tópico que mantiene diferentes aspectos de investigación. La Inserción Laboral corresponde a un tópico que prematuramente ha tomado relevancia para las instituciones de educación superior en Chile. Sin embargo, destacan los estudios relacionados con un método cuantitativo. El presente estudio se utilizó la metodología cualitativa, mediante la aplicación entrevistas semi-estructuradas. Se buscó conocer las diferentes dimensiones contenidas en las vivencias de inserción laboral en un grupo de titulados de la Universidad Academia de Humanismo Cristiano. Identificación sobre aquellas características determinantes para la inserción laboral; las dificultades del proceso de la incorporación al mercado laboral; la evaluación de la formación recibida de la UAHC, corresponde a los temas investigados. 
650 0 |9 5797  |a Inserción laboral 
650 0 |9 4796  |a Psicología del trabajo 
700 |9 3110  |a  Anabalón Sepúlveda, Melvin  |e profesor guía 
856 |u http://bibliotecadigital.academia.cl/xmlui/handle/123456789/6048  |y Disponible en línea (PDF). Biblioteca Digital UAHC 
900 |a TPSICO 846 
942 |c TS  |2 ddc 
952 |0 0  |1 0  |2 ddc  |4 0  |6 TPSICO_846_000000000000000  |7 0  |8 COMP  |9 94961  |a BC  |b BC  |c Digital  |d 2022-01-26  |l 0  |o TPSICO 846  |r 2022-01-26 00:00:00  |w 2022-01-26  |y TS  |z Documento en PDF  |B PSI 
999 |c 59140  |d 59140